000 01297cab a2200253 4500
001 ABS68570
008 041207n2004 000 0 eng u
035 _a(Sirsi) u128235
100 _aCooper, K.
245 _aAction stations
260 _c2004
490 _aInside Housing
_v21(46) 19 November 2004, 20-23(3)
520 _aInvestigates the slow pace of delivery of the Thames Gateway concept and outlines the progress so far. Discusses the creation of a network of working groups and delivery vehicles including the setting up of several urban development companies, the increasing number of committed housing sites and greater private sector interest. However, the Planning and Compulsory Purchase Act 2004 will slow down the planning process even further before improving it. Housing developers are reserving judgment on the new delivery vehicles being set up to accelerate development. Provides a who's who in the Thames Gateway and a map of and table on key development sites in London, Essex and Kent.
590 _aABS
650 _aTHAMES GATEWAY
650 _aLONDON
650 _aESSEX
650 _aKENT
650 _aDEVELOPMENT SITES
650 _aDELIVERY VEHICLES
650 _aPLANNING AND COMPULSORY PURCHASE ACT 2004
690 _aREGENERATION
942 _n0
999 _c74656
_d74656